[Event "It"]
[Site "Indjija SCG"]
[Date "2004.04.18"]
[Round "9"]
[White "Grujic,Z"]
[Black "Illijin,N"]
[Result "1-0"]
[WhiteElo "2391"]
[BlackElo "2276"]

1.e4 c5 2.Nf3 e6 3.d4 cxd4 4.Nxd4 a6 5.Nc3 b5 6.Bd3 Qb6 7.Nf3 Bb7 8.O-O Nc6
9.e5 Qc7 10.Re1 Be7 11.Bf4 Bb4 12.Bd2 f5 13.a4 Bxc3 14.Bxc3 b4 15.Bd2 Nge7
16.c3 bxc3 17.Bxc3 O-O 18.Bc4 Nd8 19.b3 Nd5 20.Bb2 Nf7 21.Qd2 Rfc8 22.Rac1 Qd8
23.Nd4 g6 24.Nc2 Qh4 25.Ne3 Nb6 26.Qd4 Qxd4 27.Bxd4 Nxc4 28.Nxc4 Rd8 29.Nb6 Rab8
30.Rc7 Bd5 31.b4 Bb3 32.a5 d6 33.exd6 Rxd6 34.Bc5 Rd2 35.Ra7 Rbd8 36.Rxa6 Re2
37.Rf1 Rd1 38.Rxd1 Bxd1 39.h3 g5 40.Ra8+ Kg7 41.a6 Bc2 42.f3 g4 43.hxg4 fxg4
44.a7 g3 45.Rg8+ Kxg8 46.a8=Q+ Kg7 47.Qf8+ Kf6 48.Nd7+  1-0

[Event "7th St Quentin Open"]
[Site "Elancourt FRA"]
[Date "2004.04.20"]
[Round "3"]
[White "Zozulia,A"]
[Black "Malakhatko,V"]
[Result "0-1"]
[WhiteElo "2297"]
[BlackElo "2540"]

1.e4 c5 2.Nf3 e6 3.d4 cxd4 4.Nxd4 a6 5.Nc3 b5 6.Bd3 Qb6 7.Nb3 Qc7 8.O-O Bb7
9.Re1 Bd6 10.h3 b4 11.Nb1 Nc6 12.N1d2 Ne5 13.Bf1 g5 14.Nf3 h6 15.Bd2 Nf6
16.Nxe5 Bxe5 17.Bd3 Bxb2 18.Rb1 Bc3 19.Bxc3 bxc3 20.Na5 Qxa5 21.Rxb7 Qe5
22.Qe2 O-O 23.Bxa6 Qxe4 24.Qxe4 Nxe4 25.Rxe4 Rxa6 26.Rc4 d5 27.Rxc3 Rxa2
28.Rcc7 Ra4 29.Kf1 Kg7 30.Ke2 Kg6 31.Kd3 h5 32.f3 h4 33.Ke3 Rf4 34.Kd3 Ra8
35.Ra7 Rxa7 36.Rxa7 Rc4 37.Rb7 f6 38.Rd7 Kf5 39.Ra7 Rc6 40.Rf7 e5 41.c3 Kf4
42.Rd7 Kg3  0-1

[Event "6th Open"]
[Site "Dubai UAE"]
[Date "2004.04.22"]
[Round "4"]
[White "Iordachescu,V"]
[Black "Mahjoob,M"]
[Result "1/2-1/2"]
[WhiteElo "2627"]
[BlackElo "2478"]

1.e4 c5 2.Nf3 e6 3.Nc3 a6 4.d4 cxd4 5.Nxd4 b5 6.Bd3 Qb6 7.Nf3 Nc6 8.O-O Qb8
9.e5 Nge7 10.Re1 Ng6 11.Be4 Bb7 12.h4 d6 13.exd6 Qxd6 14.Bg5 Qxd1 15.Raxd1 Bb4
16.h5 Nge7 17.a3 Bxc3 18.bxc3 h6 19.Bh4 Na5 20.Bxb7 Nxb7 21.Bxe7 Kxe7 22.Ne5 Nd6
23.Rxd6 Kxd6 24.Nxf7+ Ke7 25.Nxh8 Rxh8 26.c4 bxc4 27.Re4 Rc8 28.g4 Rc5 29.a4 Kd6
30.Rd4+ Rd5 31.Rxc4 Rc5 32.Rd4+ Ke7 33.Kg2 Rxc2 34.Kg3 Ra2 35.f4 Kf6 36.Rc4 Ra3+
37.Kh4 Ra1 38.Rb4 Ra2 39.Re4 Ra1 40.Rc4  1/2-1/2

[Event "7th St Quentin Open"]
[Site "Elancourt FRA"]
[Date "2004.04.22"]
[Round "6"]
[White "Lallemand,R"]
[Black "Velikov,P"]
[Result "0-1"]
[WhiteElo "2277"]
[BlackElo "2444"]

1.e4 c5 2.Nf3 e6 3.d4 cxd4 4.Nxd4 a6 5.Nc3 Qc7 6.Bd3 Nf6 7.O-O Bc5 8.Be3 d6
9.a4 Nc6 10.Nxc6 Bxe3 11.fxe3 Qxc6 12.Qe1 Nd7 13.Qg3 O-O 14.Bb5 Qc5 15.Bxd7 Bxd7
16.Rad1 Bc6 17.Qxd6 Qxe3+ 18.Kh1 Qg5 19.Qd2 Qxd2 20.Rxd2 b5 21.Rd4 bxa4 22.Rfd1 Rab8
23.Rc4 Bb5 24.Rb4 Rfc8 25.Ra1 Be8 26.Rxb8 Rxb8 27.Ra2 Rd8 28.Ra1 Bc6 29.Kg1 Rd2
30.Rc1 f5 31.Nb1 Rd4 32.exf5 exf5 33.c3 Rd8 34.Re1 h5 35.g3 Be4 36.Kf2 Rb8
37.Ke3 Rxb2 38.Nd2 Bc6 39.Nc4 Rxh2 40.Ne5 Be4 41.Rd1 g5 42.Rd6 a3 43.Rxa6 a2
44.c4 Rc2 45.Kd4 h4 46.gxh4 gxh4 47.Ng6 h3 48.Ke5 Kg7 49.Nf4 h2 50.Ra7+ Kh6
51.Ra6+ Kg5 52.Ne6+ Kg4 53.Nd4 h1=Q  0-1

[Event "Bundesliga 2003-4"]
[Site "Kreuzberg GER"]
[Date "2004.04.24"]
[Round "14"]
[White "Borriss,M"]
[Black "Ginsburg,G"]
[Result "0-1"]
[WhiteElo "2441"]
[BlackElo "2519"]

1.e4 c5 2.Nf3 e6 3.d4 cxd4 4.Nxd4 a6 5.Nc3 b5 6.Bd3 d6 7.O-O Nf6 8.a4 b4
9.Na2 e5 10.Nf3 Nc6 11.Bd2 Rb8 12.c3 bxc3 13.Bxc3 a5 14.Bb5 Bd7 15.Nd2 Be7
16.Re1 O-O 17.Nc4 Qc7 18.Rc1 Qa7 19.Bd2 Bg4 20.Be3 Bxd1 21.Bxa7 Nxa7 22.Rcxd1 Nxb5
23.axb5 Rxb5 24.Nc3 Rb4 25.Nxa5 Rxb2 26.Nc6 Bd8 27.Rxd6 Bb6 28.Nd1 Rb1 29.Kf1 Ra8
30.f3 h5 31.Nf2 Rb5 32.Red1 Ra2 33.R6d2 Rxd2 34.Rxd2 Rc5 35.Ne7+ Kf8 36.Nf5 g6
37.Ng3 Rc1+ 38.Nd1 h4 39.Ne2 Ra1 40.Rd3 Nh5 41.Nc3 Nf4 42.Rd2 Ba5 43.Kf2 Rc1
44.g3 Ne6 45.Rd3 Rc2+ 46.Ne2 Nd4 47.Re3 Rd2  0-1

[Event "Masters"]
[Site "Victoria AUS"]
[Date "2004.04.26"]
[Round "4"]
[White "Krstic,S AUS"]
[Black "Canfell,G"]
[Result "0-1"]
[WhiteElo "2111"]
[BlackElo "2329"]

1.e4 c5 2.Nf3 e6 3.Nc3 a6 4.d4 cxd4 5.Nxd4 d6 6.Be3 Nc6 7.Bc4 Nf6 8.Bb3 Be7
9.O-O O-O 10.f4 Qc7 11.Kh1 Na5 12.Qe2 b5 13.a3 Nxb3 14.cxb3 Bb7 15.Rac1 Qd7
16.Bg1 Rac8 17.Rcd1 Qc7 18.Rd3 Qb8 19.e5 Nd5 20.Nxd5 Bxd5 21.Qh5 Qb7 22.Rg3 g6
23.Nf3 dxe5 24.fxe5 Bd8 25.Qh6 f5 26.b4 Qg7 27.Qf4 Rc4 28.Bd4 h6 29.b3 Rc2
30.Ne1 Re2 31.Qc1 f4 32.Rg4 g5 33.Bc5 Rf5 34.Nf3 h5 35.Nd4 hxg4 36.Nxe2 f3
37.gxf3 Rxf3 38.Kg1 Qxe5 39.Ng3 Rxg3+  0-1

[Event "6th Open"]
[Site "Dubai UAE"]
[Date "2004.04.27"]
[Round "8"]
[White "Efimenko,Z"]
[Black "Mahjoob,M"]
[Result "1-0"]
[WhiteElo "2566"]
[BlackElo "2478"]

1.e4 c5 2.Nf3 e6 3.Nc3 a6 4.d4 cxd4 5.Nxd4 b5 6.Bd3 Qb6 7.Nf3 Nc6 8.O-O Qb8
9.e5 Nge7 10.Be4 Ng6 11.Re1 Bb7 12.h4 d6 13.exd6 Qxd6 14.h5 Qxd1 15.Rxd1 Nge7
16.Bf4 Na5 17.h6 b4 18.Bxb7 Nxb7 19.Ne4 Nd5 20.Be5 f6 21.Bd4 Be7 22.hxg7 Rg8
23.a3 Rxg7 24.axb4 Rg4 25.Re1 e5 26.Bc5 Nxc5 27.bxc5 Kd7 28.c3 Kc7 29.g3 f5
30.Nd6 e4 31.Nd4 Bxd6 32.cxd6+ Kxd6 33.Nxf5+ Kc6 34.Ra4 Rf8 35.Ne3 Kb5 36.Rd4 Nxe3
37.Rxe3 Re8 38.Kh2 Rf8 39.Kg2 Re8 40.Kh3 Rg6 41.Rexe4 Rf8 42.Kg2 a5 43.Rf4 Re8
44.Rf5+ Kb6 45.Rdd5 Re2 46.Rb5+ Kc6 47.Rxa5 Rxb2 48.Ra6+ Rb6 49.Rxb6+ Kxb6
50.c4 Kc6 51.Rh5 h6 52.f4 Kd7 53.Re5 Rc6 54.c5 Rg6 55.Kh3 Ra6 56.Kh4 Ra1
57.Kh5 Rh1+ 58.Kg6 Rh3 59.g4 Rh4 60.g5 hxg5 61.fxg5 Rh2 62.Kg7 Rh5 63.Kf6  1-0

[Event "ch-LTU"]
[Site "Vilnius LTU"]
[Date "2004.04.27"]
[Round "5"]
[White "Zapolskis,A"]
[Black "Malisauskas,V"]
[Result "1/2-1/2"]
[WhiteElo "2344"]
[BlackElo "2525"]

1.e4 c5 2.Nf3 e6 3.d4 cxd4 4.Nxd4 a6 5.Nc3 Qc7 6.g3 Nc6 7.Bg2 Nf6 8.Nb3 b5
9.O-O Be7 10.e5 Qxe5 11.Bf4 Qh5 12.Bf3 Qh3 13.Ne4 h5 14.Bg2 Qg4 15.Nd6+ Kf8
16.Qd2 Kg8 17.Rfe1 Bxd6 18.Bxd6 Bb7 19.Nc5 Ra7 20.Ne4 Nxe4 21.Rxe4 Qg6 22.Re3 Ra8
23.a4 Kh7 24.h4 Rhc8 25.Qd1 Nd8 26.Bf1 Kg8 27.Be7 Bd5 28.axb5 axb5 29.Rxa8 Rxa8
30.Bxd8 Rxd8 31.Bxb5 Rb8 32.c4 Ba8 33.b3 Qf5 34.Kf1 d5 35.Qd3 Qh3+ 36.Ke1 dxc4
37.Bxc4 Bg2 38.Re5 Ra8 39.Ra5 Rxa5 40.Qd8+ Kh7 41.Qxa5 Qh1+ 42.Kd2 Bf3 43.Qg5 Qd1+
44.Ke3 Bg4 45.Qf4 f6 46.Bd3+ f5 47.f3 Qe1+ 48.Be2 Bh3 49.Kd3 Qb1+ 50.Kc3 e5
51.Qd2 Qg1 52.Bc4 Qxg3 53.Qd5 Qe1+ 54.Kb2 Qf2+ 55.Kb1 Qg1+ 56.Kc2 Qf2+ 57.Kb1 Qg1+
58.Kc2  1/2-1/2

[Event "6th Open"]
[Site "Dubai UAE"]
[Date "2004.04.28"]
[Round "9"]
[White "Novita,A"]
[Black "Miezis,N"]
[Result "1/2-1/2"]
[WhiteElo "2306"]
[BlackElo "2530"]

1.e4 c5 2.Nf3 e6 3.d4 cxd4 4.Nxd4 a6 5.Nc3 Qc7 6.a3 b5 7.Bd3 Nc6 8.Be3 Nf6
9.O-O h5 10.h3 Bb7 11.Qe2 Ne5 12.f4 Nc4 13.Ndxb5 axb5 14.Nxb5 Qc8 15.Bxc4 Nxe4
16.Kh2 Be7 17.Bd3 f5 18.Bd4 Kf7 19.Nc3 Nf6 20.Rae1 Bf8 21.Nb5 Rh6 22.Qd1 Qc6
23.Rf2 Be7 24.Bxf6 gxf6 25.Nd4 Qb6 26.c3 Bc5 27.Be2 h4 28.Nxf5 Ke8 29.Nd4 Ke7
30.Bg4 Bxd4 31.Qxd4 Qxd4 32.cxd4 Kd6 33.f5 Bd5 34.fxe6 dxe6 35.Bf3 Ra4 36.Bxd5 Kxd5
37.Rfe2 Ra6 38.Rd2 Ra4  1/2-1/2

[Event "ch-LTU"]
[Site "Vilnius LTU"]
[Date "2004.04.28"]
[Round "8"]
[White "Asauskas,H"]
[Black "Kveinys,A"]
[Result "0-1"]
[WhiteElo "2358"]
[BlackElo "2550"]

1.e4 c5 2.Nf3 e6 3.d4 cxd4 4.Nxd4 a6 5.Nc3 Qc7 6.g3 Bb4 7.Ne2 Nf6 8.Bg2 Be7
9.b3 d6 10.Bb2 Nbd7 11.h3 Rb8 12.g4 h6 13.Qd2 b5 14.Ng3 g5 15.O-O-O Ne5 16.h4 Rg8
17.hxg5 hxg5 18.Kb1 Nfd7 19.Nh5 Ng6 20.f4 gxf4 21.Nxf4 Nxf4 22.Qxf4 Ne5 23.Rh5 Ng6
24.Qh2 Bd7 25.e5 dxe5 26.Be4 Nf4 27.Nd5 Nxd5 28.Bxd5 Bd6 29.Bf3 Rc8 30.Rxd6 Qxd6
31.Bxe5 Qb4 32.g5 Bc6 33.Rh8 Rxh8 34.Qxh8+ Qf8 35.Bxc6+ Rxc6 36.Qh2 Qc5 37.Bf6 Kd7
38.Qh7 Kc8 39.Qg8+ Kb7 40.Qxf7+ Rc7 41.Qg6 Qf5 42.Qxf5 exf5 43.g6 f4 44.g7 Rc8
45.Kc1 f3 46.Kd2 Re8 47.Bd4 b4 48.c3 bxc3+ 49.Kxc3 Kc6 50.b4 Kb5 51.Kb3 Rg8
52.a4+ Kc6 53.Kc4 Rxg7 54.b5+ Kb7 55.Kd3 Rd7  0-1

[Event "ch-UKR Women"]
[Site "ALushta UKR"]
[Date "2004.05.08"]
[Round "5"]
[White "Dolzhikova,K"]
[Black "Alexandrova,O"]
[Result "0-1"]
[WhiteElo "2129"]
[BlackElo "2430"]

1.e4 c5 2.Nf3 e6 3.d4 cxd4 4.Nxd4 a6 5.Nc3 b5 6.Be3 Bb7 7.f3 Qc7 8.Qd2 Nf6
9.g4 h6 10.O-O-O Bb4 11.Kb1 Bxc3 12.Qxc3 Qxc3 13.bxc3 d5 14.e5 Nfd7 15.f4 Nc6
16.Bd3 Na5 17.Bc1 Nc4 18.Rhf1 Nc5 19.Bxc4 dxc4 20.f5 Bd5 21.Rde1 Na4 22.Re3 O-O-O
23.Ba3 Rd7 24.Bb4 Kb7 25.a3 Re8 26.Rfe1 Kb6 27.Bd6 Nc5 28.Bxc5+ Kxc5 29.Kc1 Bc6
30.fxe6 fxe6 31.Rf1 Bd5 32.Kd2 Ree7 33.Re2 a5 34.Rf8 Rf7 35.Rb8 Bb7 36.Re8 Bf3
37.Rf2 Bxg4 38.Rxf7 Rxf7 39.Nxe6+ Bxe6 40.Rxe6 Rf2+ 41.Kd1 Rxh2 42.Rg6 Rh5
43.Rxg7 Rxe5 44.Rb7 Kc6 45.Rb8 a4 46.Kd2 Kc7  0-1

[Event "7th United Insurance"]
[Site "Dhaka BAN"]
[Date "2004.05.08"]
[Round "2"]
[White "Visweswaran,K"]
[Black "Hossain,Enam"]
[Result "0-1"]
[WhiteElo "2299"]
[BlackElo "2436"]

1.e4 c5 2.Nc3 a6 3.Nf3 e6 4.d4 cxd4 5.Nxd4 b5 6.Bd3 Qb6 7.Nf3 Qc7 8.O-O Nc6
9.e5 f5 10.Re1 Bb7 11.a4 b4 12.Nb1 Nge7 13.Nbd2 Ng6 14.Nc4 Na5 15.Nd6+ Bxd6
16.exd6 Qxd6 17.Bxf5 Qxd1 18.Bxg6+ hxg6 19.Rxd1 Bxf3 20.gxf3 Rc8 21.Bd2 Rh4
22.f4 Rxc2 23.Bxb4 Nc6 24.Bd6 Rxb2 25.Rd3 Rh5 26.Rad1 Rb7 27.Kh1 Ra5 28.Rg3 Rxa4
29.Rh3 Kf7 30.Rh8 Ne7 31.Rc1 g5 32.fxg5 Rg4 33.f4 Nf5 34.Be5 d6 35.Bc3 Rxf4
36.g6+ Kxg6 37.Rg1+ Kf7  0-1

[Event "FSGM May"]
[Site "Budapest HUN"]
[Date "2004.05.09"]
[Round "9"]
[White "Wittmann,W"]
[Black "Kustar,S"]
[Result "1/2-1/2"]
[WhiteElo "2339"]
[BlackElo "2351"]

1.e4 c5 2.Nf3 e6 3.d4 cxd4 4.Nxd4 a6 5.Nc3 Qc7 6.Bd3 Nf6 7.O-O b5 8.Re1 Bc5
9.Nb3 Bd6 10.h3 Nc6 11.Kh1 Be7 12.f4 b4 13.Na4 g6 14.Be3 Rb8 15.Qf3 h5 16.Kg1 e5
17.Nd2 d6 18.Nc4 Be6 19.b3 exf4 20.Bxf4 Nd7 21.Qf2 O-O 22.Rac1 Rfd8 23.Bf1 Nce5
24.Nxe5 dxe5 25.Be3 Qb7 26.Bd3 Rdc8 27.Qe2 Rc6 28.Rf1 Rbc8 29.Kh2 Kg7 30.Rf2 R8c7
31.Rd1  1/2-1/2

[Event "22nd LIE-Open"]
[Site "Triesen LIE"]
[Date "2004.05.14"]
[Round "1"]
[White "Berescu,A"]
[Black "Heyl,T"]
[Result "1-0"]
[WhiteElo "2400"]
[BlackElo "2061"]

1.e4 c5 2.Nf3 e6 3.d4 cxd4 4.Nxd4 a6 5.Nc3 Qc7 6.g3 Nf6 7.Bg2 Be7 8.O-O O-O
9.f4 d6 10.Be3 Nbd7 11.Qe2 Rb8 12.Rad1 Nc5 13.g4 Bd7 14.g5 Ne8 15.f5 f6 16.g6 hxg6
17.fxg6 f5 18.Nxf5 Rxf5 19.exf5 Bc6 20.fxe6 Nxe6 21.Nd5  1-0

[Event "5th IECC"]
[Site "Antalya TUR"]
[Date "2004.05.16"]
[Round "2"]
[White "Haznedaroglu,K"]
[Black "Goksel,D"]
[Result "0-1"]
[WhiteElo "2395"]
[BlackElo "2130"]

1.e4 c5 2.Nf3 e6 3.d4 cxd4 4.Nxd4 a6 5.Nc3 b5 6.Bd3 Qb6 7.Nb3 Qc7 8.O-O Bb7
9.f4 d6 10.Qf3 Nf6 11.Bd2 b4 12.Nd1 d5 13.Nf2 dxe4 14.Nxe4 Nbd7 15.Rae1 Be7
16.Nxf6+ Nxf6 17.Qh3 O-O 18.Re5 g6 19.Kh1 Rad8 20.Re2 Rd5 21.Qg3 Rh5 22.Nd4 Rd8
23.Nf3 a5 24.Ne5 Bd5 25.b3 Qb7 26.Rfe1 Ne8 27.Rf1 Ng7 28.Bc1 Nf5 29.Bxf5 exf5
30.Bb2 Be4 31.Qe3 Qb5 32.Rfe1 Bh4 33.Rd2 Re8 34.Red1 f6 35.Nf3 Bxc2 36.Rd8 Be4
37.Nxh4 Rxh4 38.Bxf6 Rxd8 39.Bxd8 Rg4 40.Rd2 Rxg2  0-1

[Event "TCh-SCG"]
[Site "Petrovac SCG"]
[Date "2004.05.17"]
[Round "2"]
[White "Ristic,Nen"]
[Black "Stojanovic,Da"]
[Result "0-1"]
[WhiteElo "2447"]
[BlackElo "2437"]

1.e4 c5 2.Nf3 e6 3.d4 cxd4 4.Nxd4 a6 5.Nc3 b5 6.Bd3 Bc5 7.Be3 Qb6 8.Be2 Nc6
9.Nxc6 dxc6 10.a4 Bb7 11.O-O Ne7 12.Kh1 Rd8 13.Bxc5 Qxc5 14.Bd3 e5 15.Qh5 Ng6
16.f4 Qe7 17.f5 Nf4 18.Qg4 Qf6 19.Rxf4 exf4 20.Qxf4 Qd4 21.Qc7 Ba8 22.axb5 cxb5
23.Rxa6 O-O 24.Qf4 f6 25.Bxb5 Qb4 26.Qc1 Qc5 27.Ra1 Bxe4 28.Nxe4 Qxb5 29.Ng3 Rb8
30.b3 Rfc8 31.Qd2 Qe5 32.Re1 Rxc2 33.Qd1 Qc5 34.h3 Qc6 35.Ne4 Kh8 36.Kh2 h6
37.Re3 Qc7+ 38.Ng3 Rc3 39.Rxc3 Qxc3 40.Qg4 Rb4 41.Qg6 Qe5 42.Qh5 Rxb3 43.Qg4 Rd3
44.Qh4 Kg8 45.Qg4 Kf8 46.Qh4 Rd4 47.Qh5 Qe3 48.Qg6 Rd1 49.Nh5 Qg1+ 50.Kg3 Rd3+
51.Kh4 Qf2+ 52.g3 Rd4+  0-1

[Event "5th IECC"]
[Site "Antalya TUR"]
[Date "2004.05.20"]
[Round "5"]
[White "Neubauer,M"]
[Black "Iljushin,A"]
[Result "1/2-1/2"]
[WhiteElo "2418"]
[BlackElo "2529"]

1.e4 c5 2.Nf3 e6 3.d4 cxd4 4.Nxd4 a6 5.Nc3 b5 6.Bd3 Qb6 7.Nf3 Bb7 8.O-O d6
9.a4 b4 10.a5 Qc7 11.Na2 Nf6 12.Qe2 Nc6 13.Bd2 d5 14.e5 Nd7 15.Rfe1 Nc5 16.Ng5 Nxd3
17.cxd3 b3 18.Nc3 Nd4 19.Qh5 g6 20.Qh4 Nc2 21.Nxh7 Rxh7 22.Qxh7 Nxa1 23.Rxa1 Qxe5
24.Re1 Qf6 25.Qh3 Bc5 26.Qg3 Rc8 27.Na4 Ba7 28.Bc3 d4 29.Bb4 Bb8 30.Bd6 Bxd6
31.Qxd6 Qg5 32.g3 Rd8 33.Qe5 Qxe5 34.Rxe5 Bd5 35.Nb6 Bf3 36.Kf1 Ke7 37.Rc5 Kd6
38.Rc8 Rxc8 39.Nxc8+ Kc5 40.h4 e5 41.Ke1 Bg4 42.Nb6 Be6 43.Kd2 f5 44.f3 Kb5
45.Nc4 Bxc4 46.dxc4+ Kxc4 47.g4 fxg4 48.fxg4 Kd5 49.h5 gxh5 50.gxh5 Ke6 51.Kd3 Kf5
52.Kc4 Kg5 53.Kxb3 Kxh5 54.Kc2 Kg4 55.b4 Kf3 56.b5 axb5 57.a6 Ke2 58.a7 d3+
59.Kb2 d2 60.a8=Q d1=Q 61.Qe4+ Kf2 62.Qxe5 Qd3 63.Qc3 Qd5 64.Ka3 Qd6+ 65.Qb4 Qa6+
66.Kb3 Qe6+ 67.Ka3 Qc6 68.Qd4+ Ke2 69.Kb4 Qc4+  1/2-1/2

[Event "29th Elekes Mem GM"]
[Site "Budapest HUN"]
[Date "2004.05.20"]
[Round "6"]
[White "Cernousek,L"]
[Black "Fogarasi,T"]
[Result "1-0"]
[WhiteElo "2369"]
[BlackElo "2465"]

1.e4 c5 2.Nf3 e6 3.d4 cxd4 4.Nxd4 a6 5.Nc3 Qc7 6.Bd3 Nf6 7.O-O Bc5 8.Nb3 Be7
9.Qe2 d6 10.Bg5 Nc6 11.Rae1 b5 12.Kh1 Bb7 13.f4 h6 14.Bxf6 Bxf6 15.e5 dxe5
16.f5 O-O-O 17.fxe6 fxe6 18.a4 bxa4 19.Nxa4 Nd4 20.Nxd4 Rxd4 21.Nc3 Qb6 22.Ra1 a5
23.Ra3 Rhd8 24.Rfa1 Qxb2 25.Na4 Qb4 26.c3 Qxa3 27.Rxa3 Rxd3 28.h4 Bxg2+ 29.Kh2 Rd2
30.Qc4+ Bc6+ 31.Kh3 R8d3+ 32.Kg4 Rg2+ 33.Kh5 Rd6 34.Qc5 Kd7 35.Nb6+ Ke8 36.c4 Rd4
37.Qxc6+ Kf7 38.Qb7+ Be7  1-0

[Event "22nd LIE-Open"]
[Site "Triesen LIE"]
[Date "2004.05.20"]
[Round "7"]
[White "White,K"]
[Black "Schaefer,Mi"]
[Result "0-1"]
[WhiteElo "2062"]
[BlackElo "2136"]

1.e4 c5 2.Nf3 e6 3.d4 cxd4 4.Nxd4 a6 5.Nc3 Qc7 6.Bd3 Nf6 7.O-O Nc6 8.Be3 Be7
9.Kh1 d6 10.Nb3 O-O 11.f4 b5 12.a3 Bb7 13.g4 b4 14.axb4 Nxb4 15.Na5 Nxd3
16.cxd3 d5 17.Nxb7 Qxb7 18.Qf3 Qxb2 19.Bd4 dxe4 20.dxe4 Qb3 21.e5 Nd5 22.Rfb1 Qc4
23.Ra4 Nb4 24.Rd1 Rad8 25.Qe3 Qc6+ 26.Kg1 Nc2 27.Qe4 Nxd4  0-1

[Event "5th IECC"]
[Site "Antalya TUR"]
[Date "2004.05.21"]
[Round "6"]
[White "Atakisi,U"]
[Black "Drabke,L"]
[Result "0-1"]
[WhiteElo "2344"]
[BlackElo "2453"]

1.e4 c5 2.Nf3 e6 3.d4 cxd4 4.Nxd4 a6 5.Nc3 b5 6.Bd3 Qb6 7.Be3 Bc5 8.Be2 Nc6
9.Nxc6 dxc6 10.Bxc5 Qxc5 11.Qd3 Nf6 12.f4 e5 13.O-O-O O-O 14.f5 a5 15.g4 a4
16.g5 Nd7 17.a3 b4 18.axb4 Qxb4 19.Na2 Qb6 20.Qc3 Ra5 21.Rhg1 Nc5 22.Rg4 g6
23.Qf3 gxf5 24.exf5 e4 25.Qc3 Bxf5 26.Rf4 Be6 27.Nb4 Rb8 28.g6 fxg6 29.Bc4 Re8
30.Bxe6+ Nxe6 31.Rxe4 Qc5 32.Qxc5 Rxc5 33.Rd6 Ng7 34.Rxe8+ Nxe8 35.Rxc6 Rh5
36.Ra6 Rxh2 37.Rxa4 h5 38.Nd3 g5 39.b4 h4 40.b5 h3 41.b6 Nd6 42.Rg4 Rg2 43.Nf2 Rxf2
44.Rxg5+ Kf7 45.Rh5 h2 46.Kb2 Nc4+ 47.Kc3 Nxb6 48.Kd4 Kg6 49.Rh8 Rxc2 50.Ke3 Nd5+
51.Kf3 Nf6 52.Rh4 Kf5 53.Rh3 Rc3+ 54.Kg2 Rxh3  0-1

[Event "TCh-NED"]
[Site "Enschede NED"]
[Date "2004.05.21"]
[Round "2"]
[White "Timmerman,G"]
[Black "Nijboer,F"]
[Result "0-1"]
[WhiteElo "2354"]
[BlackElo "2578"]

1.e4 c5 2.Nf3 e6 3.d4 cxd4 4.Nxd4 a6 5.Nc3 b5 6.Bd3 Qb6 7.Nf3 Nc6 8.O-O Nge7
9.Be3 Qb8 10.Qd2 Ng6 11.Rad1 f6 12.Rfe1 Nce5 13.Nxe5 Nxe5 14.Be2 Qc7 15.Qd4 Nc6
16.Qd2 Ne5 17.Qd4 Be7 18.f4 Nf7 19.Rd2 Bb7 20.Red1 Bc6 21.Bf3 O-O 22.Ne2 Rfb8
23.Qd3 e5 24.Qb3 a5 25.a3 a4 26.Qa2 b4 27.axb4 Rxb4 28.f5 g6 29.fxg6 hxg6
30.Nc3 Qb7 31.Nd5 Bxd5 32.Rxd5 d6 33.Bc1 Kg7 34.c3 Rb3 35.R1d3 Ng5 36.Bd1 Nxe4
37.Bxb3 axb3 38.Qb1 f5 39.Be3 Ra2 40.h3 Nf6  0-1

[Event "57th ch-RUS Qualifier"]
[Site "St Petersburg RUS"]
[Date "2004.05.21"]
[Round "1"]
[White "Nikolenko,O"]
[Black "Epishin,V"]
[Result "0-1"]
[WhiteElo "2520"]
[BlackElo "2610"]

1.e4 c5 2.Nf3 e6 3.Nc3 a6 4.d4 cxd4 5.Nxd4 b5 6.Bd3 Qb6 7.Nf3 Qc7 8.O-O Bb7
9.Re1 Be7 10.Bg5 b4 11.Ne2 Bxg5 12.Nxg5 Nf6 13.Ng3 Nc6 14.a3 h6 15.Nf3 d6
16.Qd2 a5 17.axb4 axb4 18.Bb5 Rxa1 19.Rxa1 O-O 20.Bxc6 Qxc6 21.Re1 Qc5 22.Nd4 Rc8
23.h3 Qb6 24.c3 bxc3 25.bxc3 d5 26.exd5 Bxd5 27.Nde2 Qc6 28.f3 Qc7 29.Nf1 Bc4
30.Nfg3 Rd8 31.Qf4 e5 32.Qe3 Rd3 33.Qf2 Be6 34.Rc1 Qc4 35.Qb6 Nd7 36.Qf2 Rd2
37.Qe3 Rd3 38.Qe4 Rd2 39.Qe3 Qc5 40.Qxc5 Nxc5 41.Ra1 Kh7 42.c4 Rc2 43.Ra3 Rxc4
44.Rc3 g5 45.Rxc4 Bxc4 46.Nc3 Kg6 47.Nge4 Nd3 48.Nf2 Nf4 49.Ng4 Nd3 50.Nf2 Nb4
51.Ng4 Nc6 52.Ne3 Ba6 53.g3 f5 54.Kf2 f4 55.Ng2 Nb4 56.Ne1 Bc8 57.h4 gxh4
58.gxf4 exf4 59.Ne2 Kf5 60.Kg2 Ke5 61.Kh2 Nd5 62.Nd3+ Kf5 63.Nd4+ Kf6 64.Ne2 Kg5
65.Nd4 h5 66.Nf2 Kg6 67.Ne4 Nf6 68.Nd6 Bd7 69.Ne2 Nd5 70.Ne4 Bf5 71.Nf2 Kf6
72.Nd4 Ne7 73.Nxf5 Kxf5 74.Kh3 Ng6 75.Nd3 Ke6 76.Nc5+ Kd6 77.Ne4+ Ke5 78.Kg2 Ne7
79.Kh3 Nf5 80.Kg2 Ng3 81.Ng5 Nf5 82.Ne4 Kd4 83.Nf6 Ng3 84.Nh7 Ke3 85.Ng5 Nf5
86.Nh3 Nd4 87.Ng5 Nxf3 88.Nh7 Nd2  0-1

[Event "5th IECC"]
[Site "Antalya TUR"]
[Date "2004.05.23"]
[Round "8"]
[White "Guseinov,G"]
[Black "Agrest,E"]
[Result "1/2-1/2"]
[WhiteElo "2548"]
[BlackElo "2601"]

1.e4 c5 2.Nf3 e6 3.d4 cxd4 4.Nxd4 a6 5.Nc3 d6 6.g3 Bd7 7.Bg2 Nc6 8.O-O Be7
9.Nxc6 Bxc6 10.a4 Nf6 11.Be3 O-O 12.a5 Qc7 13.Re1 Nd7 14.Na4 Rae8 15.Nb6 f5
16.Bd4 Nxb6 17.Bxb6 Qd7 18.c4 Bd8 19.Bxd8 Qxd8 20.Qd3 fxe4 21.Bxe4 Bxe4 22.Rxe4 d5
23.cxd5 Qxd5 24.Rd4  1/2-1/2

[Event "2nd Leonine GM"]
[Site "Dhaka BAN"]
[Date "2004.05.24"]
[Round "7"]
[White "Sharma,D"]
[Black "Nguyen Anh Dung"]
[Result "0-1"]
[WhiteElo "2369"]
[BlackElo "2535"]

1.e4 c5 2.Nf3 e6 3.d4 cxd4 4.Nxd4 a6 5.Nc3 Qc7 6.Be2 Nf6 7.f4 Bb4 8.O-O Bxc3
9.bxc3 Nxe4 10.Bf3 Nf6 11.Ba3 d5 12.Qe1 g6 13.Kh1 Bd7 14.f5 e5 15.Qh4 g5
16.Qxg5 Qd8 17.Qg3 Nc6 18.Nxc6 Bxc6 19.Qxe5+ Kd7 20.c4 Re8 21.Qd6+ Kc8 22.Qxd8+ Kxd8
23.cxd5 Bb5 24.Rfe1 Rc8 25.Rxe8+ Nxe8 26.Re1 Rxc2 27.f6 Bc4 28.Be7+ Kc7 29.Be4 Rxa2
30.Rc1 Nd6 31.h3 b5 32.Bxh7 Rd2 33.Kh2 a5 34.h4 Rxd5 35.g4 a4 36.h5 a3 37.h6 a2
38.Kg3 b4 39.Bc2 b3 40.Bxb3 Rd3+ 41.Kh4 Rxb3 42.Bd8+ Kd7 43.h7 Rb1 44.h8=Q Rxc1
45.Qf8 a1=Q  0-1

[Event "57th ch-RUS Qualifier"]
[Site "St Petersburg RUS"]
[Date "2004.05.24"]
[Round "4"]
[White "Andreikin,D"]
[Black "Landa,K"]
[Result "1/2-1/2"]
[WhiteElo "2418"]
[BlackElo "2550"]

1.e4 c5 2.Nf3 e6 3.d4 cxd4 4.Nxd4 a6 5.Nc3 Qc7 6.g3 Nf6 7.Bg2 Be7 8.O-O Nc6
9.h3 O-O 10.Kh1 b5 11.Nxc6 dxc6 12.f4  1/2-1/2

[Event "5th IECC"]
[Site "Antalya TUR"]
[Date "2004.05.25"]
[Round "10"]
[White "Bakalarz,M"]
[Black "Markowski,T"]
[Result "1/2-1/2"]
[WhiteElo "2333"]
[BlackElo "2605"]

1.e4 c5 2.Nf3 e6 3.d4 cxd4 4.Nxd4 a6 5.Nc3 b5 6.Bd3 d6 7.O-O Nf6 8.Qe2 Be7
9.a4 b4 10.Na2 Qb6 11.Be3 Qb7 12.c3 Nxe4 13.Nxb4 Nf6 14.Bg5 O-O 15.a5 d5
16.f4  1/2-1/2

[Event "2nd Leonine GM"]
[Site "Dhaka BAN"]
[Date "2004.05.26"]
[Round "9"]
[White "Reefat,S"]
[Black "Fominyh,A"]
[Result "1-0"]
[WhiteElo "2472"]
[BlackElo "2579"]

1.e4 c5 2.Nc3 e6 3.Nf3 a6 4.d4 cxd4 5.Nxd4 b5 6.Be2 Bb7 7.a3 Qc7 8.f4 Nc6
9.Be3 Rc8 10.Nb3 d6 11.O-O Nf6 12.Bf3 Be7 13.Qe1 O-O 14.Qf2 Nd7 15.Rad1 Na5
16.Nxa5 Qxa5 17.f5 b4 18.axb4 Qxb4 19.Qd2 Qc4 20.Be2 Qc6 21.fxe6 fxe6 22.Bg4 Rxf1+
23.Rxf1 Nf8 24.Bd4  1-0

[Event "5th IECC"]
[Site "Antalya TUR"]
[Date "2004.05.27"]
[Round "11"]
[White "Neubauer,M"]
[Black "Drabke,L"]
[Result "1-0"]
[WhiteElo "2418"]
[BlackElo "2453"]

1.e4 c5 2.Nf3 e6 3.d4 cxd4 4.Nxd4 a6 5.Nc3 b5 6.Bd3 Qb6 7.Nf3 Nc6 8.O-O Qb8
9.e5 Nge7 10.Re1 Bb7 11.Be4 Ng6 12.h4 d5 13.exd6 Qxd6 14.h5 Qxd1 15.Rxd1 Nge7
16.Bf4 f5 17.Bd3 b4 18.Ne2 Nd5 19.Bh2 Rd8 20.Ng5 Bc8 21.Bc4 Be7 22.Bxd5 Rxd5
23.Rxd5 exd5 24.Nf3 Bf6 25.c3 bxc3 26.bxc3 O-O 27.Rb1 Rf7 28.Nfd4 Nxd4 29.cxd4 Re7
30.Kf1 Bd7 31.Bd6 Re8 32.f4 Re4 33.Nc3 Rxd4 34.Be5 Bxe5 35.fxe5 Rd3 36.Ne2 Bb5
37.Kg1 d4 38.a4 Bxa4 39.Rb8+ Kf7 40.Rb7+ Ke8 41.Rxg7 Rd1+ 42.Kf2 Bb5 43.Nf4 Rf1+
44.Kg3 d3 45.Nd5 d2 46.e6 f4+ 47.Kh4 Kd8 48.e7+ Kc8 49.Rg8+ Kb7 50.Nc3 Rc1
51.Nxb5 d1=Q 52.e8=Q Qh1+ 53.Kg5 Qxg2+ 54.Kh6 Qc6+ 55.Kxh7 Qc2+ 56.Rg6 axb5
57.Qxb5+ Ka7 58.Qb6+ Ka8 59.Kh8 Qc3+ 60.Rg7  1-0

[Event "57th ch-RUS Qualifier"]
[Site "St Petersburg RUS"]
[Date "2004.05.27"]
[Round "6"]
[White "Tseshkovsky,V"]
[Black "Epishin,V"]
[Result "1/2-1/2"]
[WhiteElo "2564"]
[BlackElo "2610"]

1.e4 c5 2.Nf3 e6 3.d4 cxd4 4.Nxd4 a6 5.Nc3 b5 6.Bd3 Qb6 7.Nf3 Qc7 8.O-O Bb7
9.Re1 Be7 10.Bd2 d6 11.a4 bxa4 12.Rxa4 Nd7 13.Qa1 Qc8 14.Nd4 Ngf6 15.Nb3 O-O
16.Rc4 Qd8 17.Na5 Rb8 18.Nxb7 Rxb7 19.Bf1 d5 20.exd5 exd5 21.Rf4 Bd6 22.Rf3 Qb8
23.Rh3 Ne5 24.Bf4 Rb4 25.Bg3 Re8 26.b3 h5 27.Rd1 h4 28.Rxh4 Rxh4 29.Bxh4 Neg4
30.g3 Be5 31.Bxf6 Qb6 32.Rd2 Nxf6 33.Na4 Qxf2+ 34.Kxf2 Bxa1 35.Kg2 a5 36.c3 Re1
37.Bd3 Rc1 38.Rc2 Rd1 39.Be2 Rb1 40.Bd3 Rd1 41.Be2  1/2-1/2

[Event "2nd Leonine GM"]
[Site "Dhaka BAN"]
[Date "2004.05.28"]
[Round "11"]
[White "Sharma,D"]
[Black "Fominyh,A"]
[Result "1/2-1/2"]
[WhiteElo "2369"]
[BlackElo "2579"]

1.e4 c5 2.Nf3 e6 3.d4 cxd4 4.Nxd4 a6 5.Nc3 b5 6.Bd3 Qb6 7.Nf3 Nc6 8.O-O Qb8
9.Re1 Bd6 10.Qe2 Ne5 11.Nxe5 Bxe5 12.h3 Ne7 13.Bd2 O-O 14.a4 b4 15.Nd1 Nc6
16.Rb1 a5 17.Ne3 Bc7 18.Nc4 Ba6 19.b3 Qb7 20.Nb2 Rfc8 21.Bxa6 Rxa6 22.c4 bxc3
23.Bxc3 Be5 24.Bxe5 Nxe5 25.Nc4 Nxc4 26.bxc4 Qa7 27.Rb5 h6 28.Rd1 Qc7 29.c5 Rc6
30.Qd2 Rxc5 31.Rxc5 Qxc5 32.Qxd7 Rc7 33.Qb5 Qc2 34.Re1 Qd2 35.Qb8+ Kh7 36.Qxc7 Qxe1+
37.Kh2 Qxf2 38.Qxa5 Qf4+ 39.Kg1 Qxe4 40.Qb5 Qf4 41.a5 Qc1+ 42.Kh2 Qf4+ 43.Kh1 Qc1+
44.Kh2 Qf4+ 45.Kh1  1/2-1/2